[Event "POHÁR města Říčany 2024"]
[Site "Městské kulturní středisko U labutě"]
[Date "2024.07.02"]
[Round "5.28"]
[White "Kuhnmund, Ivan"]
[Black "Stork, Rostislav"]
[Result "0-1"]
[WhiteElo "1791"]
[BlackElo "1808"]
[WhiteFideId "393983"]
[BlackFideId "354988"]
[PlyCount "0"]
[EventDate "2024.06.29"]

1. e4 e5 2. f4 exf4 3. Nf3 g5 4. h4 g4 5. Ne5 Qe7 6. d4 d6 7. Nxg4 Qxe4+ 8. Qe2
f5 9. Nf2 Qxe2+ 10. Bxe2 Nc6 11. c3 Bh6 12. Bh5+ Kf8 13. Nd3 Nf6 14. Bf3 Bd7
15. Bxf4 Re8+ 16. Kd2 Bxf4+ 17. Nxf4 b6 18. Na3 Ne7 19. h5 h6 20. Rae1 Kf7
21. Ng6 Nxg6 22. Rxe8 Rxe8 23. hxg6+ Kxg6 24. Nc4 Ne4+ 25. Bxe4 Rxe4 26. Ne3 f4
27. Nd1 Bg4 28. Re1 Rxe1 29. Kxe1 Bxd1 30. Kxd1 Kg5 31. Ke2 Kg4 32. Kf2 c5
33. dxc5 dxc5 34. b4 cxb4 35. cxb4 b5 0-1

[Event "POHÁR města Říčany 2024"]
[Site "Městské kulturní středisko U labutě"]
[Date "2024.07.02"]
[Round "5.30"]
[White "Zabehlicky, Jiri"]
[Black "Masek, Tomas"]
[Result "1-0"]
[WhiteElo "1653"]
[BlackElo "1699"]
[WhiteFideId "339059"]
[BlackFideId "23755580"]
[PlyCount "0"]
[EventDate "2024.06.29"]

1. e4 d5 2. exd5 Qxd5 3. Nc3 Qd6 4. Nf3 Bg4 5. Be2 a6 6. d3 Nc6 7. h3 Bh5
8. Ne4 Qd7 9. Be3 e6 10. Ng3 Bxf3 11. Bxf3 Bd6 12. Ne4 Nf6 13. Nxd6+ cxd6
14. O-O O-O 15. d4 d5 16. c3 b5 17. a3 a5 18. Bd2 Rab8 19. Qe2 b4 20. axb4 axb4
21. Ra2 bxc3 22. bxc3 Rfc8 23. Rfa1 Ne8 24. Bf4 Rb7 25. Qd1 Nd6 26. Ra8 Nb5
27. Bd2 Nca7 28. Rxc8+ Qxc8 29. Rc1 Rc7 30. Be2 Nxc3 31. Rxc3 Rxc3 32. Bxc3 Qxc3
33. Qa4 Qc1+ 34. Bf1 1-0

[Event "POHÁR města Říčany 2024"]
[Site "Městské kulturní středisko U labutě"]
[Date "2024.07.02"]
[Round "5.31"]
[White "Schwartz, Michael"]
[Black "Jankovsky, Zbynek"]
[Result "0-1"]
[WhiteElo "1706"]
[BlackElo "1739"]
[WhiteFideId "14351048"]
[BlackFideId "23700521"]
[PlyCount "0"]
[EventDate "2024.06.29"]

1. e4 e6 2. d4 b6 3. Nf3 Bb7 4. Bd3 c5 5. O-O cxd4 6. Nxd4 Nc6 7. Nxc6 Bxc6
8. Be3 Bd6 9. f4 Bc5 10. Bxc5 bxc5 11. Nd2 d5 12. exd5 Bxd5 13. Bb5+ Kf8 14. Bc4
Qb6 15. b3 Bb7 16. Nf3 Rd8 17. Qe2 Bxf3 18. Rxf3 Nh6 19. Rd3 Ke7 20. Re1 Rhe8
21. Rxd8 Rxd8 22. Qe5 Kf8 23. Qe4 Qd6 24. Bd3 Ng4 25. h3 Nf6 26. Qf3 h6 27. Qf2
Nd5 28. g3 a5 29. Re4 Nb4 30. Rc4 Nxd3 31. cxd3 Qxd3 32. Qxc5+ Kg8 33. Qf2 Qd1+
34. Qf1 Rd2 35. Ra4 Qc2 36. Rxa5 Rd1 0-1